Физика: учебное пособие для иностранных студентов; в 2 ч.

Bibliographic Details
Corporate Author: Национальный исследовательский Томский политехнический университет Школа базовой инженерной подготовки
Language:Russian
Published: Томск, Изд-во ТПУ, 2020
Format: Electronic Book
KOHA link:https://koha.lib.tpu.ru/cgi-bin/koha/opac-detail.pl?biblionumber=345247

MARC

LEADER 00000nlm0a2200000 4500
001 345247
005 20231101034827.0
035 |a (RuTPU)RU\TPU\book\377084 
035 |a RU\TPU\book\232401 
090 |a 345247 
100 |a 20201019d2020 k y0rusy50 ca 
101 0 |a rus 
102 |a RU 
105 |a a j 001zy 
135 |a drnn ---uucaa 
200 1 |a Физика  |e учебное пособие для иностранных студентов  |e в 2 ч.  |g Национальный исследовательский Томский политехнический университет, Школа базовой инженерной подготовки 
210 |a Томск  |c Изд-во ТПУ  |d 2020 
712 0 2 |a Национальный исследовательский Томский политехнический университет  |b Школа базовой инженерной подготовки  |c (2017- )  |h 8028  |2 stltpush  |3 (RuTPU)RU\TPU\col\23509 
801 1 |a RU  |b 63413507  |c 20090930 
801 2 |a RU  |b 63413507  |c 20201019  |g RCR 
942 |c CF